Sports Quiz

Random Sports or MLB Quiz
Score 0/300 Timer 20:00
0 Plays Today
Team Pitcher % Correct
CardinalsAdam Wainwright
92%
OriolesT.J. McFarland, Steve Johnson, Jair Jurrjens & Josh Stinson
90.9%
AngelsJered Weaver
89.8%
Red SoxJohn Lackey
88.6%
Blue JaysJosh Johnson
88.6%
White SoxErik Johnson
88.6%
PiratesPhil Irwin & Kris Johnson
88.6%
DodgersClayton Kershaw
88.6%
PhilliesCliff Lee
87.5%
GiantsTim Lincecum
87.5%
Red SoxJon Lester
86.4%
RaysRoberto Hernandez
86.4%
TigersJustin Verlander
86.4%
TwinsPedro Hernandez
86.4%
AthleticsBartolo Colon
86.4%
MarinersFelix Hernandez
86.4%
YankeesC.C. Sabathia
85.2%
AngelsC.J. Wilson
85.2%
BravesTim Hudson
85.2%
PhilliesCole Hamels
85.2%
GiantsMatt Cain
85.2%
RaysDavid Price
84.1%
OriolesMiguel Gonzalez
84.1%
NationalsGio Gonzalez
84.1%
RoyalsErvin Santana
83%
NationalsStephen Strasburg
83%
DodgersZack Greinke
83%
TigersMax Scherzer
81.8%
PhilliesRoy Halladay
81.8%
CardinalsMichael Wacha
81.8%
Blue JaysMark Buehrle
80.7%
Blue JaysR.A. Dickey
80.7%
RoyalsJames Shields
80.7%
TigersAnibal Sanchez
79.5%
PiratesJonathan Sanchez
79.5%
RedsBronson Arroyo
79.5%
IndiansUbaldo Jimenez
78.4%
PiratesA.J. Burnett
78.4%
BrewersYovani Gallardo
78.4%
MetsMatt Harvey
77.3%
CardinalsShelby Miller
77.3%
GiantsMadison Bumgarner
77.3%
Red SoxClay Buchholz
75%
MarlinsJose Fernandez
75%
CubsEdwin Jackson
75%
Red SoxJake Peavy
73.9%
RaysEnny Romero & Jamey Wright
73.9%
White SoxJake Peavy
73.9%
RangersYu Darvish
73.9%
RedsJohnny Cueto
73.9%
OriolesFreddy Garcia
72.7%
BravesFreddy Garcia
72.7%
CardinalsJaime Garcia
72.7%
GiantsBarry Zito
72.7%
YankeesHiroki Kuroda
71.6%
TigersDoug Fister
71.6%
IndiansJustin Masterson
71.6%
NationalsDan Haren
71.6%
PiratesFrancisco Liriano
71.6%
YankeesAndy Pettitte
70.5%
YankeesPhil Hughes
70.5%
OriolesBud Norris
69.3%
White SoxChris Sale
69.3%
AstrosBud Norris
69.3%
NationalsJordan Zimmermann
69.3%
PiratesWandy Rodriguez
69.3%
DiamondbacksIan Kennedy
69.3%
PadresIan Kennedy
69.3%
RockiesJorge De La Rosa
69.3%
AthleticsBrett Anderson
68.2%
RangersMatt Garza
68.2%
CardinalsLance Lynn
68.2%
CubsMatt Garza
68.2%
AngelsJerome Williams
67%
Blue JaysRicky Romero
65.9%
RoyalsWade Davis
65.9%
BravesAlex Wood
65.9%
PhilliesEthan Martin
65.9%
CubsTravis Wood
65.9%
DodgersEdinson Volquez
65.9%
PadresEdinson Volquez
65.9%
OriolesWei-Yin Chen
64.8%
RoyalsBruce Chen
64.8%
DodgersHyun-jin Ryu
64.8%
GiantsRyan Vogelsong
64.8%
TigersRick Porcello
63.6%
RaysMatt Moore
62.5%
RangersDerek Holland
62.5%
BravesKris Medlen
62.5%
BravesMike Minor
62.5%
CardinalsCarlos Martinez
62.5%
RedsMat Latos
62.5%
CubsJeff Samardzija
62.5%
Red SoxRyan Dempster
61.4%
CardinalsJoe Kelly
61.4%
RedsHomer Bailey
61.4%
YankeesIvan Nova
60.2%
AthleticsJarrod Parker
60.2%
MarinersAaron Harang
60.2%
MetsAaron Harang
60.2%
Team Pitcher % Correct
PiratesGerrit Cole
60.2%
RangersMatt Harrison
59.1%
AngelsJoe Blanton
59.1%
Red SoxFelix Doubront
58%
MarinersHisashi Iwakuma
58%
BrewersKyle Lohse
58%
RoyalsWill Smith
56.8%
MarlinsRicky Nolasco
56.8%
DodgersRicky Nolasco
56.8%
PadresBurch Smith
56.8%
RaysJeremy Hellickson
54.5%
White SoxJohn Danks
54.5%
MetsJonathon Niese
54.5%
OriolesChris Tillman
53.4%
IndiansScott Kazmir
53.4%
AthleticsSonny Gray
53.4%
RangersMartin Perez
53.4%
BravesJulio Teheran
52.3%
RedsMike Leake
51.1%
DodgersJosh Beckett
51.1%
DodgersChris Capuano
51.1%
MetsDillon Gee
50%
PhilliesKyle Kendrick
50%
RockiesJeff Francis
50%
OriolesScott Feldman
48.9%
CubsScott Feldman
48.9%
RoyalsJeremy Guthrie
47.7%
RockiesJhoulys Chacin
47.7%
RaysAlex Cobb
46.6%
MetsZack Wheeler
46.6%
DiamondbacksPatrick Corbin
46.6%
AstrosErik Bedard
45.5%
Blue JaysBrandon Morrow
44.3%
AthleticsDan Straily
44.3%
AngelsTommy Hanson
44.3%
RaysChris Archer
43.2%
White SoxGavin Floyd
43.2%
DiamondbacksWade Miley
43.2%
PadresClayton Richard
43.2%
Red SoxFranklin Morales & Steven Wright
42%
OriolesJason Hammel
42%
Blue JaysJ.A. Happ
42%
CardinalsJake Westbrook
42%
CubsScott Baker
42%
DodgersChad Billingsley
42%
DodgersTed Lilly
42%
DiamondbacksBrandon McCarthy
42%
MarinersJoe Saunders
40.9%
DiamondbacksTrevor Cahill
40.9%
NationalsRoss Detwiler
39.8%
RockiesJon Garland
39.8%
AngelsJason Vargas
38.6%
BravesBrandon Beachy
38.6%
RockiesRoy Oswalt
38.6%
TigersJose Alvarez
37.5%
IndiansCorey Kluber
37.5%
AthleticsA.J. Griffin
37.5%
AstrosJordan Lyles
37.5%
BravesPaul Maholm
37.5%
MarlinsHenderson Alvarez
37.5%
TwinsVance Worley
36.4%
White SoxJose Quintana
36.4%
AngelsGarrett Richards
36.4%
PiratesJeff Locke
36.4%
Blue JaysEsmil Rogers
35.2%
TwinsMike Pelfrey
35.2%
AthleticsTommy Milone
35.2%
MarinersTaijuan Walker
35.2%
MarlinsKevin Slowey
35.2%
RedsTony Cingrani
35.2%
OriolesJake Arrieta
34.1%
YankeesDavid Phelps
34.1%
PhilliesJohn Lannan
34.1%
PiratesJames McDonald
34.1%
CubsJake Arrieta
34.1%
PadresAndrew Cashner
34.1%
AstrosLucas Harrell
33%
MetsDaisuke Matsuzaka
33%
MetsShaun Marcum
33%
PiratesCharlie Morton
33%
PadresTyson Ross
33%
PadresJason Marquis
33%
Red SoxAllen Webster
31.8%
IndiansBrett Myers
31.8%
TwinsScott Diamond
31.8%
TwinsKevin Correia
31.8%
MarinersErasmo Ramirez
31.8%
MarlinsJacob Turner
31.8%
IndiansDanny Salazar
30.7%
MarlinsNathan Eovaldi
30.7%
Blue JaysChien-Ming Wang
29.5%
RangersAlexi Ogando
29.5%
AstrosDallas Keuchel
29.5%
DiamondbacksTyler Skaggs
29.5%
RockiesDrew Pomeranz
29.5%
BrewersMarco Estrada
28.4%
BrewersWily Peralta
28.4%
DiamondbacksRandall Delgado
28.4%
White SoxHector Santiago
27.3%
RangersRoss Wolf
27.3%
Team Pitcher % Correct
IndiansTrevor Bauer
26.1%
PiratesJeanmar Gomez
26.1%
PadresEric Stults
26.1%
GiantsYusmeiro Petit
26.1%
RockiesJuan Nicasio
26.1%
Red SoxBrandon Workman
25%
AstrosJarred Cosart
25%
AstrosPhilip Humber
23.9%
MarinersJames Paxton
22.7%
BrewersMike Fiers
22.7%
CubsCarlos Villanueva
22.7%
OriolesZach Britton
21.6%
Blue JaysRamon Ortiz
21.6%
IndiansCarlos Carrasco
21.6%
IndiansZach McAllister
21.6%
RoyalsDanny Duffy
21.6%
NationalsRoss Ohlendorf
21.6%
RaysJake Odorizzi
20.5%
OriolesKevin Gausman
20.5%
PhilliesJonathan Pettibone
20.5%
CardinalsTyler Lyons
20.5%
RockiesTyler Chatwood
20.5%
AstrosBrad Peacock
19.3%
NationalsZach Duke
19.3%
MarinersBlake Beavan
18.2%
AstrosBrett Oberholtzer
18.2%
NationalsTanner Roark
18.2%
Red SoxAlfredo Aceves
17%
MetsJeremy Hefner
17%
DodgersStephen Fife
17%
GiantsChad Gaudin
17%
Blue JaysTodd Redmond
15.9%
TwinsSam Deduno
15.9%
White SoxDylan Axelrod
15.9%
RangersNick Tepesch
15.9%
NationalsTaylor Jordan
15.9%
BrewersJimmy Nelson
15.9%
YankeesAdam Warren
14.8%
Blue JaysChad Jenkins
14.8%
RoyalsYordano Ventura
14.8%
MarinersBrandon Maurer
14.8%
MetsCollin McHugh
14.8%
PhilliesTyler Cloyd
14.8%
MarlinsTom Koehler
14.8%
RockiesCollin McHugh
14.8%
YankeesDavid Huff
13.6%
Blue JaysAaron Laffey & Sean Nolin
13.6%
TwinsCole De Vries
13.6%
TwinsKyle Gibson
13.6%
RangersJustin Grimm
13.6%
MetsJenrry Mejia
13.6%
RangersTravis Blackley
12.5%
MarinersJeremy Bonderman
12.5%
MetsCarlos Torres
12.5%
RedsGreg Reynolds
12.5%
BrewersTom Gorzelanny
12.5%
CubsChris Rusin
12.5%
YankeesVidal Nuno
11.4%
TwinsLiam Hendriks
11.4%
MetsAaron Laffey
11.4%
BrewersTyler Thornburg
11.4%
TwinsAndrew Albers
10.2%
AngelsMichael Roth & Matt Shoemaker
10.2%
AstrosPaul Clemens
10.2%
MarlinsWade LeBlanc
10.2%
DodgersMatt Magill
10.2%
GiantsMike Kickham
10.2%
RoyalsLuis Mendoza
9.1%
MarlinsBrad Hand
9.1%
BrewersDonovan Hand
9.1%
PadresRobbie Erlin
9.1%
MarinersHector Noesi
8%
MarlinsAlex Sanabia
8%
RaysAlex Colome
6.8%
BravesDavid Hale
6.8%
NationalsNate Karns
6.8%
PhilliesRaul Valdes
6.8%
PhilliesZach Miner
6.8%
PiratesBrandon Cumpton
6.8%
BrewersJohnny Hellweg
6.8%
RockiesChad Bettis
6.8%
White SoxAndre Rienzo
5.7%
BravesKameron Loe
5.7%
CardinalsJohn Gast
5.7%
DiamondbacksDavid Holmberg
5.7%
PadresSean O'Sullivan
5.7%
TwinsP.J. Walters
4.5%
White SoxCharles Leesman
4.5%
RangersJosh Lindblom
4.5%
MarlinsBrian Flynn
4.5%
BrewersAlfredo Figaro
4.5%
BrewersHiram Burgos
4.5%
GiantsEric Surkamp
4.5%
GiantsGuillermo Moscoso
4.5%
RedsPedro Villarreal
3.4%
DiamondbacksZeke Spruill
3.4%
RockiesJeff Manship
3.4%
AngelsBarry Enright
2.3%
MarlinsSam Dyson
2.3%
AngelsBilly Buckner
1.1%
Remove Ads.
Support Sporcle.
Get the best of Sporcle when you Go Orange. This ad-free experience offers more features, more stats, and more fun while also helping to support Sporcle. Thank you for becoming a member.

You're not logged in!

Compare scores with friends on all Sporcle quizzes.
OR
Log In

Show Comments

Extras

Top Quizzes Today


Score Distribution

Your Account Isn't Verified!

In order to create a playlist on Sporcle, you need to verify the email address you used during registration. Go to your Sporcle Settings to finish the process.

Report this User

Report this user for behavior that violates our Community Guidelines.

Details: